Statistiques concernant Record Coupe du monde de rugby.

Cliquez ici pour prendre le quiz!

Statistiques générales

  • Ce quiz a été pris 1 151 fois
    (301 depuis la dernière actualisation)
  • Le résultat moyen est 8 sur 13

Statistiques - réponses

RecordNationalité (pour les joueurs)Nation ou joueur recordman% Correct
Coupes remporté (4)Afrique du Sud
100%
Matches victorieux (47)Nouvelle-Zélande
97%
Matchs disputés (56)Nouvelle-Zélande
91%
Points marqués toutes éditions confondues (2552)Nouvelle-Zélande
91%
Points marqués par une équipe en un match (145)Nouvelle-Zélande
90%
Plus grand écart de point dans un match (142)Australie
81%
Point toutes éditions confondus (277)AnglaisJonny Wilkinson
75%
Essais toutes éditions confondus (15)Jonah Lomu
60%
Bryan Habana
53%
Participations (5)ItalienMauro Bergamasco
10%
SamoanBrian Lima
7%
Points en une édition (126)Néo-zélandaisGrant Fox
3%
Essais en un match (6)Marc Ellis
3%

Distribution des résultats

Percentile par nombre de réponses

% des personnes avec chaque résultat

Votre développement - résultats

Vous n’avez pas pris ce quiz depuis la dernière actualisation